[Event "New Zealand Open Ch'p 2015"]
[Site "Devonport, Auckland"]
[Date "2015.01.03"]
[Round "3.18"]
[White "Lee, Edward"]
[Black "Duneas, John"]
[Result "1/2-1/2"]
[WhiteElo "2061"]
[BlackElo "2054"]
[PlyCount "92"]
[EventDate "2015.01.01"]
[EventType "swiss"]
[EventRounds "9"]
[SourceDate "2015.01.01"]

1. e4 e6 2. d4 d5 3. Nc3 Nf6 4. Bg5 Be7 5. Bxf6 Bxf6 6. e5 Be7 7. Qg4 g6 8. Bd3
c5 9. dxc5 Nc6 10. Nf3 Qa5 11. h4 h5 12. Qf4 Qxc5 13. O-O-O Qb4 14. Qd2 Bd7 15.
a3 Qa5 16. Qf4 Bxa3 17. Qf6 Rf8 18. Nb5 Be7 19. Nd6+ Bxd6 20. exd6 Qc5 21. Bxg6
fxg6 22. Qxg6+ Kd8 23. Ng5 Re8 24. Qxh5 Kc8 25. Qg6 Qxd6 26. h5 Qf4+ 27. Kb1
Ne7 28. Qg7 Rg8 29. Qc3+ Nc6 30. Nf3 Kc7 31. h6 Rh8 32. Rh4 Qf7 33. Rdh1 Raf8
34. h7 Qf6 35. Qe3 Rf7 36. Rh6 Qf4 37. Ng5 Qxe3 38. Nxf7 Qd2 39. Nxh8 Nb4 40.
Ng6 Qxc2+ 41. Ka1 Qa4+ 42. Kb1 e5 43. Rc1+ Nc6 44. Ne7 Qe4+ 45. Ka1 Qa4+ 46.
Kb1 Qe4+ 1/2-1/2

[Event "New Zealand Open Ch'p 2015"]
[Site "Devonport, Auckland"]
[Date "2015.01.03"]
[Round "3.19"]
[White "Vincenti, David"]
[Black "Williams, Doug"]
[Result "1-0"]
[WhiteElo "2106"]
[BlackElo "1754"]
[PlyCount "107"]
[EventDate "2015.01.01"]
[EventType "swiss"]
[EventRounds "9"]
[SourceDate "2015.01.01"]

1. d4 d5 2. c4 Nc6 3. Nc3 Nf6 4. Nf3 dxc4 5. Bg5 h6 6. Bxf6 exf6 7. e3 Bg4 8.
Bxc4 Qd7 9. Bb5 a6 10. Qa4 Bb4 11. Bxc6 Bxc3+ 12. bxc3 bxc6 13. O-O O-O 14. Nd2
Be2 15. Rfe1 Bb5 16. Qa5 c5 17. c4 Bc6 18. Qxc5 Rfb8 19. Rab1 Ba4 20. Rb4 Bc2
21. Rc1 Rxb4 22. Qxb4 Bg6 23. Qb7 Qc8 24. Qxc8+ Rxc8 25. Rc3 Rb8 26. Rb3 Rb6
27. c5 Rxb3 28. axb3 Kf8 29. f3 f5 30. Kf2 f6 31. Kg3 Bf7 32. b4 Ke7 33. Kf4
Kd7 34. Nb1 Be6 35. e4 g5+ 36. Ke3 f4+ 37. Kd3 h5 38. d5 Bf7 39. g3 fxg3 40.
hxg3 h4 41. gxh4 gxh4 42. Ke3 f5 43. Kf4 fxe4 44. fxe4 Bh5 45. Nd2 h3 46. Kg3
Bg4 47. Nf3 h2 48. Nxh2 Be2 49. Nf3 Ke7 50. Kf4 Bc4 51. Ke5 Bb3 52. Nd4 Ba4 53.
c6 Bd1 54. Ne6 1-0

[Event "New Zealand Open Ch'p 2015"]
[Site "Devonport, Auckland"]
[Date "2015.01.03"]
[Round "3.20"]
[White "Aldridge, Alan L"]
[Black "Ang, Alphaeus Wei Ern"]
[Result "0-1"]
[WhiteElo "1890"]
[BlackElo "2009"]
[PlyCount "68"]
[EventDate "2015.01.01"]
[EventType "swiss"]
[EventRounds "9"]
[SourceDate "2015.01.01"]

1. d4 Nf6 2. c4 g6 3. Nc3 Bg7 4. e4 d6 5. f3 O-O 6. Be3 e5 7. Nge2 Nc6 8. d5
Ne7 9. Qd2 c6 10. Nc1 cxd5 11. cxd5 Ne8 12. Be2 f5 13. O-O f4 14. Bf2 g5 15.
Kh1 Ng6 16. Nd3 h5 17. Qd1 Nf6 18. Nb5 g4 19. Nxd6 g3 20. Bc5 b6 21. Bb4 Nh7
22. Nxc8 Qh4 23. h3 Ng5 24. Ne7+ Nxe7 25. Bxe7 Bf6 26. Bxf6 Rxf6 27. Nf2 gxf2
28. Rxf2 Qxf2 29. Rc1 Nf7 30. Rc2 Qg3 31. Bf1 Kh8 32. Qc1 Rg8 33. Rc7 Ng5 34.
Qc3 Qf2 0-1

[Event "New Zealand Open Ch'p 2015"]
[Site "Devonport, Auckland"]
[Date "2015.01.03"]
[Round "3.21"]
[White "Bennett, Hilton P"]
[Black "James, Jack"]
[Result "0-1"]
[WhiteElo "2009"]
[BlackElo "1867"]
[PlyCount "88"]
[EventDate "2015.01.01"]
[EventType "swiss"]
[EventRounds "9"]
[SourceDate "2015.01.01"]

1. e4 e5 2. d4 exd4 3. Qxd4 Nc6 4. Qe3 Nf6 5. Nc3 Bb4 6. Bd2 O-O 7. O-O-O Re8
8. Qg3 Rxe4 9. a3 Bd6 10. f4 Bc5 11. Bd3 Re8 12. Nf3 d5 13. Rde1 Rxe1+ 14. Rxe1
Ne7 15. Nh4 Ng6 16. f5 Bd6 17. Qf2 Ne5 18. Bg5 Nxd3+ 19. cxd3 Be7 20. Rxe7 Qxe7
21. Nxd5 Qd6 22. Nxf6+ gxf6 23. Be3 Bd7 24. d4 Ba4 25. Nf3 Qc6+ 26. Kb1 Qe4+
27. Ka1 Qxf5 28. Qg3+ Kh8 29. Nh4 Qf1+ 30. Ka2 Qc4+ 31. Ka1 Re8 32. Qf4 Qe6 33.
Nf5 Bc2 34. Nh6 Kg7 35. Qg3+ Bg6 36. h4 Qe4 37. Ka2 Re6 38. d5 Qxd5+ 39. Ka1
Qd1+ 40. Ka2 Qb1+ 41. Kb3 Qd3+ 42. Ka2 Rxe3 43. Nf5+ Qxf5 44. Qxe3 Qe6+ 0-1

[Event "New Zealand Open Ch'p 2015"]
[Site "Devonport, Auckland"]
[Date "2015.01.03"]
[Round "3.22"]
[White "Gong, Daniel Hanwen"]
[Black "Fuatai, Fuatai"]
[Result "1-0"]
[WhiteElo "1870"]
[BlackElo "2004"]
[PlyCount "100"]
[EventDate "2015.01.01"]
[EventType "swiss"]
[EventRounds "9"]
[SourceDate "2015.01.01"]

1. e4 Nf6 2. e5 Nd5 3. d4 d6 4. c4 Nb6 5. exd6 cxd6 6. Nc3 g6 7. Be3 Bg7 8. Rc1
O-O 9. b3 Nc6 10. d5 Ne5 11. Be2 h5 12. h3 Ned7 13. g4 hxg4 14. hxg4 Nf6 15. g5
Nh7 16. Nf3 Nd7 17. Kd2 Qa5 18. Qg1 Re8 19. Qh2 Ndf8 20. Bd3 e6 21. Nh4 e5 22.
Ke2 Bg4+ 23. f3 Bh5 24. Rc2 e4 25. Nxe4 Rxe4 26. Bxe4 Re8 27. Kf1 Bxf3 28. Nxf3
Rxe4 29. Qd2 Qd8 30. Rh4 Rxh4 31. Nxh4 Nd7 32. Nf3 Ne5 33. Nxe5 Bxe5 34. Rc1
Qd7 35. Qg2 Qf5+ 36. Ke2 Bb2 37. Rd1 Qc2+ 38. Rd2 Qb1 39. c5 Be5 40. c6 bxc6
41. dxc6 Qf5 42. b4 Bc3 43. Rd3 Bxb4 44. c7 Qc8 45. Qc6 Qg4+ 46. Qf3 Qc8 47.
Rb3 a5 48. a3 Qxc7 49. axb4 Qc2+ 50. Bd2 a4 1-0

[Event "New Zealand Open Ch'p 2015"]
[Site "Devonport, Auckland"]
[Date "2015.01.03"]
[Round "3.23"]
[White "Forster, William F"]
[Black "Rains, Edward"]
[Result "0-1"]
[WhiteElo "1999"]
[BlackElo "1973"]
[PlyCount "69"]
[EventDate "2015.01.01"]
[EventType "swiss"]
[EventRounds "9"]
[SourceDate "2015.01.01"]

1. d4 Nf6 2. Nc3 g6 3. e4 c5 4. d5 d6 5. Bg5 Bg7 6. Qd2 a6 7. a4 Qa5 8. Ra3
Nbd7 9. f4 c4 10. Bxc4 Qb4 11. Bd3 Nc5 12. Nf3 Qxb2 13. Ra2 Qb4 14. O-O Ng4 15.
Ne2 Qb6 16. a5 Qa7 17. Ned4 e5 18. h3 f6 19. fxe5 dxe5 20. hxg4 fxg5 21. Qxg5
Nxd3 22. cxd3 O-O 23. Kh1 exd4 24. Rc1 b5 25. e5 Re8 26. Rac2 Qf7 27. d6 h6 28.
Qd2 Bxg4 29. Rc7 Qd5 30. R7c5 Qe6 31. Nxd4 Qxe5 32. Rxe5 Rxe5 33. Qa2+ Kh8 34.
Qf7 Rh5+ 35. Kg1 0-1

[Event "New Zealand Open Ch'p 2015"]
[Site "Devonport, Auckland"]
[Date "2015.01.03"]
[Round "3.24"]
[White "Watharow, Sean"]
[Black "Lim, Benjamin U"]
[Result "1/2-1/2"]
[WhiteElo "1876"]
[BlackElo "1996"]
[PlyCount "80"]
[EventDate "2015.01.01"]
[EventType "swiss"]
[EventRounds "9"]
[SourceDate "2015.01.01"]

1. e4 c5 2. c3 Nf6 3. e5 Nd5 4. Nf3 Nc6 5. d4 cxd4 6. Bc4 e6 7. cxd4 Nb6 8. Bb3
d5 9. O-O Be7 10. Nc3 O-O 11. Bc2 f5 12. exf6 Bxf6 13. Re1 Nc4 14. b3 Nd6 15.
Ne5 Nf5 16. Bxf5 exf5 17. f4 Re8 18. Bb2 Be6 19. Qd3 Rc8 20. Re3 Nb4 21. Qe2
Bxe5 22. Rxe5 Qd7 23. Re1 Bf7 24. Na4 b6 25. Re7 Qd6 26. Ba3 Qxf4 27. Qd1 Rxe7
28. Rxe7 Nc6 29. g3 Qg4 30. Qxg4 fxg4 31. Rd7 Nxd4 32. Rxa7 Nf3+ 33. Kf2 d4 34.
Nxb6 Rc2+ 35. Kf1 Bg6 36. Ra8+ Kf7 37. Ra7+ Kg8 38. Ra8+ Kf7 39. Ra7+ Kg8 40.
Ra8+ Kf7 1/2-1/2

[Event "New Zealand Open Ch'p 2015"]
[Site "Devonport, Auckland"]
[Date "2015.01.03"]
[Round "3.26"]
[White "Zhang, Leo"]
[Black "Gunawan, Boy Reinhard"]
[Result "1-0"]
[WhiteElo "1908"]
[BlackElo "1980"]
[PlyCount "113"]
[EventDate "2015.01.01"]
[EventType "swiss"]
[EventRounds "9"]
[SourceDate "2015.01.01"]

1. d4 d5 2. c4 e6 3. Nc3 Nf6 4. cxd5 Nxd5 5. e4 Nf6 6. Nf3 h6 7. Bc4 c6 8. O-O
Be7 9. h3 b5 10. Bd3 a6 11. Be3 Nbd7 12. Qc2 Bb7 13. e5 Nd5 14. Nxd5 cxd5 15.
Nh2 Nb6 16. f4 Nc4 17. Bf2 Rc8 18. Qe2 g6 19. b3 Nb6 20. Qg4 h5 21. Qg3 b4 22.
Bxg6 Rg8 23. Bxf7+ Kxf7 24. Qf3 Ke8 25. f5 exf5 26. Qxh5+ Kd7 27. Rac1 Bc6 28.
Qxf5+ Kc7 29. Ng4 Kb7 30. Be3 Bd7 31. e6 Bb5 32. Rfe1 Rf8 33. Qh7 Rh8 34. Qb1
Bh4 35. Bf2 Bxf2+ 36. Nxf2 Rxc1 37. Qxc1 Qf6 38. Qe3 Re8 39. Ng4 Qg6 40. Qe5
Bd7 41. exd7 Rxe5 42. Nxe5 Qd6 43. Rf1 Na8 44. h4 Nc7 45. Rf7 Kb6 46. h5 Ne6
47. h6 Nd8 48. h7 Nxf7 49. Nxf7 Qxd7 50. h8=Q Qxf7 51. Qb8+ Ka5 52. Qd6 Qb7 53.
Qc5+ Qb5 54. Qxb5+ Kxb5 55. Kf2 Kc6 56. Kf3 Kd6 57. Kf4 1-0

[Event "New Zealand Open Ch'p 2015"]
[Site "Devonport, Auckland"]
[Date "2015.01.03"]
[Round "3.27"]
[White "Zhu, Leo Lei"]
[Black "Maris, Natalie A"]
[Result "1-0"]
[WhiteElo "1978"]
[BlackElo "1824"]
[PlyCount "79"]
[EventDate "2015.01.01"]
[EventType "swiss"]
[EventRounds "9"]
[SourceDate "2015.01.01"]

1. e4 d5 2. exd5 Qxd5 3. Nc3 Qd6 4. Nf3 Bg4 5. Be2 Nf6 6. O-O Nc6 7. d3 a6 8.
Be3 h6 9. Qd2 e5 10. Rfe1 O-O-O 11. Rad1 g5 12. Qc1 Bxf3 13. Bxf3 Nd4 14. Bxd4
exd4 15. Ne4 Nxe4 16. dxe4 Bg7 17. Rd3 Be5 18. g3 Qe6 19. Qd2 g4 20. Bg2 Qxa2
21. f4 gxf3 22. Bxf3 Qe6 23. Rd1 Rhg8 24. c3 c5 25. cxd4 Bxd4+ 26. Kh1 Qf6 27.
Rc1 Rg5 28. b4 b6 29. Qa2 b5 30. bxc5 Rxc5 31. Rxc5+ Bxc5 32. e5 Qg6 33. Rxd8+
Kxd8 34. Qd5+ Ke8 35. Qxc5 Qb1+ 36. Kg2 Qa2+ 37. Kh3 Qc4 38. Bc6+ Kd8 39. Qd6+
Kc8 40. Qd7+ 1-0

[Event "New Zealand Open Ch'p 2015"]
[Site "Devonport, Auckland"]
[Date "2015.01.03"]
[Round "3.28"]
[White "Eade, Don G"]
[Black "Schmitz, Manuela"]
[Result "1-0"]
[WhiteElo "1858"]
[BlackElo "1966"]
[PlyCount "63"]
[EventDate "2015.01.01"]
[EventType "swiss"]
[EventRounds "9"]
[SourceDate "2015.01.01"]

1. e4 e6 2. d4 d5 3. Nd2 Nf6 4. e5 Nfd7 5. f4 c5 6. c3 Nc6 7. Ndf3 f6 8. Bd3
cxd4 9. cxd4 Qb6 10. a3 Be7 11. Ne2 O-O 12. Qc2 f5 13. Be3 Rf7 14. g4 g6 15.
Rg1 Kh8 16. gxf5 gxf5 17. Ng3 Qa5+ 18. Kf2 Nf8 19. Nh5 Ng6 20. Ng5 Rf8 21. Rg2
Bd7 22. Rag1 Bxg5 23. Rxg5 Nce7 24. Nf6 Be8 25. Qe2 Qb6 26. b4 Rf7 27. Qh5 Rg7
28. Qh3 Rc8 29. Be2 Qc7 30. Rh5 Nf8 31. Rxg7 Kxg7 32. Rxh7+ 1-0

[Event "New Zealand Open Ch'p 2015"]
[Site "Devonport, Auckland"]
[Date "2015.01.03"]
[Round "3.29"]
[White "Power, P Wayne"]
[Black "Jule, Alexandra"]
[Result "0-1"]
[WhiteElo "1926"]
[BlackElo "1939"]
[PlyCount "62"]
[EventDate "2015.01.01"]
[EventType "swiss"]
[EventRounds "9"]
[SourceDate "2015.01.01"]

1. d4 d5 2. c4 c6 3. e3 Nf6 4. Nf3 e6 5. Nc3 Nbd7 6. Bd3 dxc4 7. Bxc4 b5 8. Bd3
a6 9. O-O c5 10. Bc2 Bb7 11. a3 Qc7 12. Re1 Rc8 13. Bb3 cxd4 14. exd4 b4 15.
axb4 Bxb4 16. Bd2 O-O 17. Nb5 axb5 18. Bxb4 Rfe8 19. Qe2 Bd5 20. Bxd5 Nxd5 21.
Ba5 Qb7 22. g3 Nb8 23. Bd2 Rc4 24. Qe4 Nd7 25. Ne5 Nxe5 26. Qxe5 Rd8 27. f4 Rc2
28. Re2 Nf6 29. Qe3 Qd5 30. Rf2 Ng4 31. Qd3 Nxf2 0-1

[Event "New Zealand Open Ch'p 2015"]
[Site "Devonport, Auckland"]
[Date "2015.01.03"]
[Round "3.30"]
[White "Hielscher, Ursula"]
[Black "Timergazi, Layla"]
[Result "0-1"]
[WhiteElo "1845"]
[BlackElo "1932"]
[PlyCount "100"]
[EventDate "2015.01.01"]
[EventType "swiss"]
[EventRounds "9"]
[SourceDate "2015.01.01"]

1. d4 Nf6 2. c4 g6 3. Nc3 Bg7 4. e4 d6 5. f3 O-O 6. Be3 Nc6 7. Qd2 a6 8. Bd3 e5
9. d5 Ne7 10. Bh6 Ne8 11. h4 f5 12. h5 f4 13. Bxg7 Nxg7 14. hxg6 hxg6 15. Qf2
Nh5 16. Qh4 Kg7 17. Nge2 Rh8 18. O-O-O Bd7 19. Rh2 Nf6 20. Qxh8+ Qxh8 21. Rxh8
Rxh8 22. Rg1 g5 23. g3 Kf7 24. Kd2 Rh3 25. Nd1 Nh5 26. Nf2 Rh2 27. Ke1 Ng6 28.
b4 fxg3 29. Nxg3 Nh4 30. Be2 Rg2 31. Rxg2 Nxg2+ 32. Kf1 Ne3+ 33. Kg1 Nxg3 34.
Bd3 Nh5 35. c5 Nf4 36. c6 bxc6 37. dxc6 Bc8 38. a4 Nxd3 39. Nxd3 Nc2 40. Kf2
Nd4 41. b5 axb5 42. axb5 Nxb5 43. Nb4 g4 44. fxg4 Bxg4 45. Nd5 Ke6 46. Ke3 Bd1
47. Kd3 Bb3 48. Nb4 d5 49. exd5+ Bxd5 50. Ke3 Kd6 0-1

[Event "New Zealand Open Ch'p 2015"]
[Site "Devonport, Auckland"]
[Date "2015.01.03"]
[Round "3.31"]
[White "Jackson, L Ross"]
[Black "D`arcy, Michael"]
[Result "1-0"]
[WhiteElo "1927"]
[BlackElo "1916"]
[PlyCount "45"]
[EventDate "2015.01.01"]
[EventType "swiss"]
[EventRounds "9"]
[SourceDate "2015.01.01"]

1. d4 d5 2. c4 e5 3. dxe5 d4 4. Nf3 Nc6 5. a3 Nge7 6. Bg5 Be6 7. b3 Qd7 8. Ra2
O-O-O 9. Nbd2 h6 10. Bxe7 Bxe7 11. Ne4 Bf5 12. Ng3 Bg4 13. h4 Rhe8 14. b4 Bxf3
15. gxf3 Nxe5 16. Bh3 Bxb4+ 17. Kf1 Re6 18. Bxe6 Qxe6 19. axb4 a6 20. Kg2 Qxc4
21. Qc2 Qd5 22. Qf5+ Kb8 23. Ra5 1-0

[Event "New Zealand Open Ch'p 2015"]
[Site "Devonport, Auckland"]
[Date "2015.01.03"]
[Round "3.32"]
[White "Burke, Matthew WP"]
[Black "Maris, Robert"]
[Result "0-1"]
[WhiteElo "1833"]
[BlackElo "1895"]
[PlyCount "90"]
[EventDate "2015.01.01"]
[EventType "swiss"]
[EventRounds "9"]
[SourceDate "2015.01.01"]

1. d4 Nf6 2. c4 e6 3. Nc3 Bb4 4. e3 Ne4 5. Qc2 f5 6. Bd3 d5 7. Nf3 O-O 8. O-O
b6 9. Ne5 Bb7 10. f3 Nxc3 11. bxc3 Bd6 12. cxd5 Bxe5 13. dxe5 Qxd5 14. Ba3 c5
15. e4 Qxe5 16. Rae1 f4 17. Bb2 c4 18. Be2 Qc5+ 19. Kh1 Na6 20. Qa4 b5 21. Qc2
e5 22. a4 Bc6 23. axb5 Bxb5 24. Ra1 Qc6 25. Ba3 Ba4 26. Qa2 Bb3 27. Qd2 Rfd8
28. Qe1 Nc7 29. Bd1 a5 30. Rb1 a4 31. Qf2 Nb5 32. Bb4 h6 33. Re1 Rd3 34. Be2
Re3 35. Rec1 a3 36. Ra1 Kh7 37. Qf1 a2 38. g3 Rd8 39. Qe1 Qd7 40. Kg1 Qd2 41.
Kf1 Qb2 42. Bc5 Rxe2 43. Qxe2 Rd2 44. Qe1 Rxh2 45. Bf2 fxg3 0-1

[Event "New Zealand Open Ch'p 2015"]
[Site "Devonport, Auckland"]
[Date "2015.01.03"]
[Round "3.33"]
[White "Shaw, Robin A"]
[Black "Carpinter, Bernard A"]
[Result "0-1"]
[WhiteElo "1813"]
[BlackElo "1873"]
[PlyCount "51"]
[EventDate "2015.01.01"]
[EventType "swiss"]
[EventRounds "9"]
[SourceDate "2015.01.01"]

1. e4 e5 2. Nf3 Nc6 3. d4 exd4 4. Bc4 Nf6 5. Ng5 d5 6. exd5 Na5 7. Bb5+ c6 8.
dxc6 bxc6 9. Qe2+ Be7 10. Bd3 O-O 11. O-O Re8 12. Bd2 Bd6 13. Bxa5 Qxa5 14. Qd2
Qc7 15. h3 Bf4 16. Qb4 Bxg5 17. Qxd4 Bf4 18. Nc3 Be5 19. Qh4 Bxc3 20. bxc3 h6
21. g4 Qf4 22. Rae1 Bb7 23. Rb1 Re7 24. Rfe1 Rae8 25. Rxe7 Rxe7 26. Rb4 0-1

[Event "New Zealand Open Ch'p 2015"]
[Site "Devonport, Auckland"]
[Date "2015.01.03"]
[Round "3.34"]
[White "Lyall, Simon"]
[Black "Tsagarakis, Angelo"]
[Result "1-0"]
[WhiteElo "1786"]
[BlackElo "1855"]
[PlyCount "41"]
[EventDate "2015.01.01"]
[EventType "swiss"]
[EventRounds "9"]
[SourceDate "2015.01.01"]

1. e4 c5 2. c3 Nf6 3. e5 Nd5 4. d4 cxd4 5. cxd4 e6 6. Nf3 Be7 7. Nc3 Nxc3 8.
bxc3 f5 9. d5 d6 10. Bb5+ Bd7 11. Bxd7+ Qxd7 12. O-O dxe5 13. Nxe5 Qxd5 14.
Qh5+ g6 15. Nxg6 hxg6 16. Qxh8+ Kd7 17. Bf4 Kc6 18. Qc8+ Kb5 19. c4+ Qxc4 20.
Rfb1+ Bb4 21. a4+ 1-0

[Event "New Zealand Open Ch'p 2015"]
[Site "Devonport, Auckland"]
[Date "2015.01.03"]
[Round "3.35"]
[White "Mukkattu, Philip"]
[Black "Seabrook, Roy"]
[Result "1-0"]
[WhiteElo "1743"]
[BlackElo "1839"]
[PlyCount "135"]
[EventDate "2015.01.01"]
[EventType "swiss"]
[EventRounds "9"]
[SourceDate "2015.01.01"]

1. d4 Nf6 2. c4 g6 3. Nc3 Bg7 4. e4 d6 5. Nf3 O-O 6. Bd3 Bg4 7. h3 Bxf3 8. Qxf3
Nc6 9. Be3 Nd7 10. Ne2 Nb4 11. Bb1 c5 12. O-O Nc6 13. Rd1 cxd4 14. Nxd4 Nce5
15. Qe2 Rc8 16. b3 Qa5 17. a4 Nc5 18. Bc2 Ned7 19. Rab1 Na6 20. Nb5 Ra8 21. Bd2
Qd8 22. Qe3 Nab8 23. Nxa7 Rxa7 24. Qxa7 b6 25. a5 Nc6 26. Qb7 Nd4 27. Bd3 Nc5
28. Qxb6 Qxb6 29. axb6 Nxd3 30. Kf1 Nc6 31. Be3 Ncb4 32. Ke2 Nc5 33. Bxc5 dxc5
34. Rd7 Rb8 35. b7 Bf6 36. Rbd1 Kg7 37. f4 Bd4 38. Rxe7 Nc6 39. Rd7 Na5 40. e5
Rxb7 41. Rxb7 Nxb7 42. b4 Kf8 43. b5 Ke7 44. Kd3 Ke6 45. Rd2 g5 46. fxg5 Bxe5
47. Ra2 Bf4 48. Ra6+ Bd6 49. Ke4 Nd8 50. g4 Nb7 51. h4 Nd8 52. Rb6 f6 53. gxf6
Nf7 54. g5 Ne5 55. Rb7 Nf7 56. Rxf7 Kxf7 57. Kd5 Bg3 58. h5 Bf4 59. g6+ hxg6
60. hxg6+ Kxf6 61. Kxc5 Kxg6 62. Kc6 Kf6 63. c5 Be3 64. Kd6 Kf7 65. c6 Ke8 66.
Kc7 Bf4+ 67. Kc8 Be5 68. b6 1-0

[Event "New Zealand Open Ch'p 2015"]
[Site "Devonport, Auckland"]
[Date "2015.01.03"]
[Round "3.36"]
[White "Nicholls, Leighton"]
[Black "Fairley, Natasha"]
[Result "1-0"]
[WhiteElo "1757"]
[BlackElo "1796"]
[PlyCount "73"]
[EventDate "2015.01.01"]
[EventType "swiss"]
[EventRounds "9"]
[SourceDate "2015.01.01"]

1. e4 e5 2. Nf3 Nc6 3. Bb5 a6 4. Ba4 Nf6 5. d3 b5 6. Bb3 h6 7. c3 d6 8. O-O Bg4
9. Re1 Ne7 10. Nbd2 Qc8 11. Nf1 Ng6 12. Ne3 Nh4 13. Nxg4 Qxg4 14. Nxh4 Qxh4 15.
Qf3 Be7 16. a4 O-O 17. Bd2 c6 18. axb5 axb5 19. c4 bxc4 20. Bxc4 c5 21. b4 cxb4
22. Bxb4 Qg5 23. Reb1 Rfc8 24. h3 Qg6 25. Bc3 Rxa1 26. Rxa1 Nxe4 27. Bb4 Ng5
28. Qg4 Rb8 29. Bc3 Qf6 30. d4 e4 31. h4 Ne6 32. Qxe4 Qxh4 33. Qf5 g6 34. Qf3
Rf8 35. Re1 Ng5 36. Qd3 Bf6 37. Qxg6+ 1-0

[Event "New Zealand Open Ch'p 2015"]
[Site "Devonport, Auckland"]
[Date "2015.01.03"]
[Round "3.37"]
[White "Rossiter, Philip E"]
[Black "Smith, Vivian J"]
[Result "1/2-1/2"]
[WhiteElo "1775"]
[BlackElo "1762"]
[PlyCount "80"]
[EventDate "2015.01.01"]
[EventType "swiss"]
[EventRounds "9"]
[SourceDate "2015.01.01"]

1. c4 e5 2. Nc3 Nc6 3. Nf3 f5 4. d4 e4 5. d5 exf3 6. dxc6 bxc6 7. exf3 Nf6 8.
Be2 Be7 9. O-O O-O 10. Be3 d6 11. Qc2 Be6 12. Rfd1 Qc8 13. Rac1 a5 14. Bf1 Nd7
15. Ne2 Ne5 16. Nf4 Bd7 17. Bd4 Bg5 18. Be3 Bxf4 19. Bxf4 Ng6 20. Qd2 Nxf4 21.
Qxf4 c5 22. Re1 Qd8 23. Qd2 Qf6 24. Rc3 Rfe8 25. Rce3 a4 26. Qd5+ Kf8 27. Qb7
Qd8 28. Rxe8+ Bxe8 29. Qd5 Bd7 30. Bd3 g6 31. Bc2 Rb8 32. b3 axb3 33. axb3 Qf6
34. Qd2 Re8 35. Rxe8+ Bxe8 36. g3 Bc6 37. Kg2 Qe7 38. Qh6+ Qg7 39. Qe3 Qe7 40.
Qh6+ Qg7 1/2-1/2

[Event "New Zealand Open Ch'p 2015"]
[Site "Devonport, Auckland"]
[Date "2015.01.03"]
[Round "3.38"]
[White "Opasiak, Dustin Tennessee"]
[Black "Zhu, Karl Kai"]
[Result "0-1"]
[WhiteElo "1729"]
[BlackElo "1689"]
[PlyCount "50"]
[EventDate "2015.01.01"]
[EventType "swiss"]
[EventRounds "9"]
[SourceDate "2015.01.01"]

1. e4 c5 2. Ne2 d6 3. Nbc3 Nc6 4. d4 cxd4 5. Nxd4 a6 6. Be2 e6 7. Be3 Qc7 8.
Qd2 b5 9. Nxc6 Qxc6 10. a3 Ne7 11. Rd1 Ng6 12. f4 Be7 13. O-O Bb7 14. Bg4 O-O
15. Ne2 Nh4 16. Ng3 f5 17. Bf3 Nxf3+ 18. gxf3 Rad8 19. Qg2 Rf6 20. Rd3 fxe4 21.
fxe4 Rg6 22. Kh1 Rxg3 23. Qxg3 Qxe4+ 24. Kg1 Bh4 25. Qh3 Qh1# 0-1

[Event "New Zealand Open Ch'p 2015"]
[Site "Devonport, Auckland"]
[Date "2015.01.03"]
[Round "3.39"]
[White "Yan, Caroline"]
[Black "Turner, Justin"]
[Result "1/2-1/2"]
[WhiteElo "1557"]
[BlackElo "1434"]
[PlyCount "102"]
[EventDate "2015.01.01"]
[EventType "swiss"]
[EventRounds "9"]
[SourceDate "2015.01.01"]

1. d4 d5 2. c4 e5 3. dxe5 d4 4. Nf3 Nc6 5. e3 Bb4+ 6. Bd2 dxe3 7. fxe3 Bxd2+ 8.
Qxd2 Bf5 9. Be2 Nge7 10. O-O Ng6 11. Nc3 Qxd2 12. Nxd2 Be6 13. Nce4 O-O-O 14.
Nf3 Ngxe5 15. Nxe5 Nxe5 16. b3 f6 17. h3 Bf7 18. Rad1 a5 19. Rxd8+ Rxd8 20. Rd1
Rxd1+ 21. Bxd1 a4 22. Bc2 axb3 23. axb3 Bg6 24. Bb1 b6 25. Kf2 c5 26. Nd6+ Kd7
27. Bxg6 Nxg6 28. Nf5 Ne5 29. Nxg7 Nd3+ 30. Kg3 Nc1 31. Nh5 Ke7 32. Nf4 Nxb3
33. Nd5+ Ke6 34. Nxb6 Nd2 35. Kf4 f5 36. g4 fxg4 37. hxg4 Kd6 38. g5 Kc6 39.
Nd5 Nxc4 40. Nf6 Nd6 41. e4 c4 42. e5 c3 43. Ke3 c2 44. Kd2 Nc4+ 45. Kxc2 Nxe5
46. Nxh7 Ng6 47. Kd3 Kd5 48. Ke3 Ke5 49. Kf3 Kf5 50. Kg3 Ne5 51. g6 Kxg6
1/2-1/2

[Event "New Zealand Open Ch'p 2015"]
[Site "Devonport, Auckland"]
[Date "2015.01.03"]
[Round "3.41"]
[White "Huang, Alex"]
[Black "Louie, Jared"]
[Result "0-1"]
[WhiteElo "2035"]
[BlackElo "1783"]
[PlyCount "60"]
[EventDate "2015.01.01"]
[EventType "swiss"]
[EventRounds "9"]
[SourceDate "2015.01.01"]

1. d4 Nf6 2. c4 c5 3. d5 e5 4. Nc3 d6 5. e4 Be7 6. g3 Nbd7 7. Bg2 Nf8 8. Nge2
Ng6 9. f4 exf4 10. gxf4 h5 11. O-O h4 12. h3 Nh5 13. Qe1 Bd7 14. Rf3 Qc8 15.
Bd2 Bf6 16. e5 dxe5 17. Ne4 Kf8 18. Bc3 Nhxf4 19. Nxf4 Nxf4 20. Rxf4 exf4 21.
Nxf6 gxf6 22. Bxf6 Rh6 23. Qe7+ Kg8 24. Bg5 Rg6 25. Rf1 f6 26. Rxf4 Rxg5 27.
Qxf6 Rg7 28. Kh2 Qd8 29. d6 Qxf6 30. Rxf6 Bc6 0-1

[Event "New Zealand Open Ch'p 2015"]
[Site "Devonport, Auckland"]
[Date "2015.01.03"]
[Round "3.42"]
[White "Fan, Allen Chi Zhou"]
[Black "Rains, Timothy"]
[Result "0-1"]
[WhiteElo "1816"]
[BlackElo "1814"]
[PlyCount "84"]
[EventDate "2015.01.01"]
[EventType "swiss"]
[EventRounds "9"]
[SourceDate "2015.01.01"]

1. Nf3 d5 2. c4 d4 3. g3 c5 4. Bg2 Nc6 5. d3 e5 6. O-O Bd6 7. Na3 f5 8. e3 Nf6
9. Re1 O-O 10. Nb5 Bb8 11. exd4 cxd4 12. Qb3 h6 13. Nd2 a6 14. Na3 Nd7 15. c5+
Kh8 16. Qc4 Qa5 17. Bxc6 bxc6 18. b4 Qd8 19. Nb3 Nf6 20. Qc2 Nd5 21. Bd2 f4 22.
gxf4 Nxf4 23. Bxf4 Rxf4 24. Re4 Bh3 25. Kh1 Qf6 26. Rxf4 Qxf4 27. f3 Qxf3+ 28.
Kg1 e4 29. Nxd4 Qe3+ 30. Kh1 Qxd4 31. Re1 e3 32. Nc4 Bf4 33. Qe2 Re8 34. Qh5
Qd5+ 35. Qxd5 cxd5 36. Nb6 e2 37. Nxd5 Bd2 38. c6 Bxe1 39. Nf4 Bxb4 40. Nxe2
Rxe2 41. Kg1 Bc5+ 42. Kh1 Re1# 0-1

[Event "New Zealand Open Ch'p 2015"]
[Site "Devonport, Auckland"]
[Date "2015.01.03"]
[Round "3.43"]
[White "Shen, Terry"]
[Black "Lamerton, Troy"]
[Result "0-1"]
[WhiteElo "1722"]
[BlackElo "1731"]
[PlyCount "74"]
[EventDate "2015.01.01"]
[EventType "swiss"]
[EventRounds "9"]
[SourceDate "2015.01.01"]

1. d4 d5 2. Bf4 Nf6 3. Nf3 e6 4. e3 c5 5. c3 Nc6 6. Bd3 c4 7. Bc2 Nh5 8. Bg3 h6
9. e4 Nxg3 10. fxg3 Rb8 11. O-O dxe4 12. Bxe4 Qc7 13. Bxc6+ bxc6 14. b4 cxb3
15. axb3 Bd6 16. Nbd2 O-O 17. Ne4 a6 18. b4 Ra8 19. Ra5 Rb8 20. Ne5 Bxe5 21.
Rxe5 Rb5 22. Nc5 a5 23. Qa4 Rd8 24. Nd3 axb4 25. Nxb4 Rxe5 26. dxe5 c5 27. Nc2
Qxe5 28. Qa5 Rd2 29. c4 Qd6 30. Qc3 Bb7 31. Ne3 Rd3 32. Qb2 Be4 33. Ng4 Rd2 34.
Qe5 Rxg2+ 35. Kh1 Qxe5 36. Nxe5 Rxg3+ 37. Nf3 Bxf3+ 0-1

[Event "New Zealand Open Ch'p 2015"]
[Site "Devonport, Auckland"]
[Date "2015.01.03"]
[Round "3.44"]
[White "Picken, Oliver"]
[Black "Cooper, Nigel M"]
[Result "0-1"]
[WhiteElo "1505"]
[BlackElo "1714"]
[PlyCount "56"]
[EventDate "2015.01.01"]
[EventType "swiss"]
[EventRounds "9"]
[SourceDate "2015.01.01"]

1. e4 b6 2. d4 Bb7 3. Bd3 f5 4. exf5 Bxg2 5. Qh5+ g6 6. fxg6 Bg7 7. gxh7+ Kf8
8. hxg8=Q+ Kxg8 9. Qg4 Bxh1 10. h3 e6 11. Bg5 Qf8 12. f4 Nc6 13. f5 exf5 14.
Bc4+ d5 15. Qg3 dxc4 16. Nc3 Re8+ 17. Kd2 Nxd4 18. Nd5 Bxd5 19. Rd1 Qd6 20. Bf4
Qb4+ 21. Qc3 Qxc3+ 22. bxc3 Nb5 23. Kc1 Nxc3 24. Rd2 Nxa2+ 25. Kb1 Nc3+ 26. Kc1
Re1+ 27. Kb2 Ne4+ 28. c3 Bxc3+ 0-1